000 01206nam2a2200265 4500
001 RU\NLR\PER_A\003154100_003210
005 20250624075354.0
035 _a(NLR Aleph) 012585348
090 _a12535220
_c12535220
100 _a20210825d2020 |||y0rusy50 ca
101 0 _arus
102 _aRU
200 1 _aБиология и биотехнологии
_dBiology and biotechnologies
210 _d2020
_aБ. м.
461 0 _1001RU\NLR\INFOCOMM9\5000118333
_12001#$aАграрный вестник Урала$eВсерос. аграр. журн.$v2020, спец. вып.
_93032234
_cЕкатеринбург
_d2003 -
_nУрал. гос. с.-х. акад.
_oВсерос. аграр. журн.
_tАграрный вестник Урала
_x1997-4868
_v2020, спец. вып.
510 1 _aBiology and biotechnologies
_zeng
606 1 _aАгробиология
_jСборники
_9896130
_3RU\NLR\AUTH\664780
606 1 _aБиотехнология
_jСборники
_xПрименение в сельском хозяйстве
_92100541
_3RU\NLR\AUTH\661270428
686 1 _aП00я43
686 1 _aП.в76.я43
852 _aNLR
_jП14/1053
942 _cISSUE
980 _aNB
980 _aRUSPER